| 000 | 01170nam a2200253Ia 4500 | ||
|---|---|---|---|
| 001 | 19117 | ||
| 003 | GE_BSU | ||
| 008 | 181216s||||||||xx |||||||||||||| ||und|| | ||
| 040 | _cGE_BSU | ||
| 080 | _a025.4(07) | ||
| 100 | _aთაყნიაშვილი,გურამ | ||
| 245 | _aსაბიბლიოთეკო დოკუმენტების სისტემატიზაცია (მეთოდური რეკომენდაციები) | ||
| 245 | _cრედ. ლ. კაკულია. | ||
| 250 | _aსაქ. პარლამ. ეროვნული ბიბლიოთეკა | ||
| 260 | _aთბილისი | ||
| 260 | _bსაქ. პარლამ. ეროვნული ბიბლიოთეკა | ||
| 260 | _c2010 | ||
| 300 | _a25გვ. | ||
| 541 | _h2ლ. 20თ. | ||
| 653 | _aსაბიბლიოთეკო დოკუმენტების სისტემატიზაცია (მეთოდური რეკომენდაციები) | ||
| 653 | _aსაბიბლიოთეკო საქმე | ||
| 653 | _aქსეროქსი | ||
| 942 | _cBK | ||
| 999 |
_c52110 _d52110 |
||